Ukraine after the Euromaidan

Titel: Ukraine after the Euromaidan : challenges and hopes / Viktor Stepanenko & Yaroslav Pylynskyi (ed.)
Beteiligt: ;
Veröffentlicht: Bern : Lang, 2015
Umfang: 271 Seiten : Illustrationen ; 23 cm
Format: Buch
Sprache: Englisch
Schriftenreihe/
mehrbändiges Werk:
Interdisciplinary studies on Central and Eastern Europe ; Vol. 13
RVK-Notation:
Schlagworte:
ISBN: 9783034316262 ; 3034316267
Buchumschlag
X
Lokale Klassifikation: 42 7 S ; 42 7 Ra ; 42 13 Ka
alg: 35703456
001A    $06000:19-03-15 
001B    $01999:10-05-25 $t18:00:36.000 
001D    $00026:16-09-15 
001U    $0utf8 
001X    $00 
002@    $0Aau 
002C    $aText $btxt $2rdacontent 
002D    $aohne Hilfsmittel zu benutzen $bn $2rdamedia 
002E    $aBand $bnc $2rdacarrier 
003@    $0357034562 
003O    $0905529687 $aOCoLC 
004A    $A978-3-0343-1626-2 $fPp. : EUR 71.60 (DE, freier Pr.), EUR 73.60 (AT, freier Pr.), sfr 81.00 (freier Pr.) 
004A    $03-0343-1626-7 
004E/01 $0431626 
004K    $09783034316262 
006C    $0899151427 
006G    $01063963516 
006H    $0TOCNEUA1512 $2DNB 
006T    $015,N01 
006U    $015,A12 $f20141216 
007A    $01063963516 $aDNB 
007G    $0DE020B37C89B5A4FAD7A0C1257E4D00332FE8 
009P    $qapplication/pdf $A2 $3Einführung/Vorwort $uhttp://www.peterlang.com/exportdatas/exportfiles/onix/intro/9783034316262_leseprobe01.pdf $mX:MVB 
009P    $qtext/html $A2 $3Inhaltstext $uhttp://deposit.dnb.de/cgi-bin/dokserv?id=5113362&prov=M&dok_var=1&dok_ext=htm $mX:MVB 
009P    $qapplication/pdf $A2 $3Inhaltsverzeichnis $uhttp://scans.hebis.de/HEBCGI/show.pl?35703456_toc.pdf $mV:DE-603;B:DE-Mb50 
010@    $aeng 
011@    $a2015 
013D    $#Beiträge Formschlagwort $#Einzelbeiträge $#Sammelwerk Formschlagwort $74143413-4 $8Aufsatzsammlung [Ts1] $9085562742 
017A    $asf 
021A    $aUkraine after the Euromaidan $dchallenges and hopes $hViktor Stepanenko & Yaroslav Pylynskyi (ed.) 
028C    $BHerausgeber $#Stepanenko, V. $#Степаненко, Віктор Петрович $#Stepanenko, V. P. $#Stepanenko, Viktor P. $#Stepanenko, Viktor Petrovych $#Stepanenko, Viktor $#Stepanenko, Victor $#Stepanenko, V. $4edt $D20220215 $Ecgwrk $7122253744 $8Stepanenko, Viktor Petrovyč [Tp1] $9153462604 
028C    $BHerausgeber $4edt $7 $8Pylynskyi, Yaroslav [Tnd] $9356885119 
033A    $pBern $nLang 
034D    $a271 Seiten 
034I    $a23 cm 
034M    $aIllustrationen 
036E    $aInterdisciplinary studies on Central and Eastern Europe $lVol. 13 
036F    $x213 $8Interdisciplinary studies on Central and Eastern Europe $9186456085 $l13 
037A    $aLiteraturangaben 
044K    $qDNB $RFarbrevolution $#Ukraine History Orange Revolution, 2004 $#Politique et gouvernement Ukraine 2004-.... $#Revolution in Orange $#Orangefarbene Revolution $#Orangene Revolution $#Kastanienrevolution $77514667-8 $8Orange Revolution [Ts1] $9135560691 
045E    $c940 $c320 
045F    $a947.7086 $eDDC22ger 
045F/01 $a947.7 
045G    $a900.94770905 $eDDC23BSB 
045G/01 $a900 
045G/03 $f0905 
045G/03 $g477 
045H    $a909 $eDDC23BSB 
045H/01 $a909 
045H/03 $g477 
045I    $a306.0947709049 $eDDC23BSB 
045I/01 $a306.09 
045I/03 $f09049 
045I/03 $g477 
045Z    $8MG 82086 [Tkv] $941054678X 
045Z    $8MK 5250 [Tkv] $9410827347 
045Z    $8ML 7260 [Tkv] $9410828971 

lok: 35703456 8

exp: 35703456 8 1 #EPN
201B/01 $025-09-15 $t12:45:25.000 
201C/01 $018-06-15 
201U/01 $0utf8 
203@/01 $0755714857 
208@/01 $a25-09-15 $bz 
209A/01 $aEDZ/MG 82086 S827 $ds $f134 $x00 
209B/01 $a60 $x05 
209G/01 $a19097170 $x00 
209G/01 $a2. Obergeschoss $x01 
247C/01 $8611134-8 <17/134> TU Darmstadt, Europäisches Dokumentationszentrum (EDZ) $9111125251 

lok: 35703456 24
101B    $007-05-15 $t10:28:34.000 
101C    $007-05-15 
101U    $0utf8 
145Z/01 $a42 7 S 
145Z/02 $a42 7 Ra 
145Z/03 $a42 13 Ka 

exp: 35703456 24 1 #EPN
201B/01 $007-05-15 $t10:28:34.000 
201C/01 $024-03-15 
201U/01 $0utf8 
203@/01 $0752197290 
208@/01 $a07-05-15 $bz 
209A/01 $a15.04109 $du $f050 $h15 04109 $x00 
209C/01 $a15.04109 K $h15 04109 K 
209G/01 $a73674603 $x00 
220C/01 $ajwa/hae 
247C/01 $8358050-7 Marburg, Bibliothek des Herder-Instituts Marburg $9102600961 

lok: 35703456 204

exp: 35703456 204 1 #EPN
201B/01 $010-12-18 $t16:17:27.000 
201C/01 $027-04-15 
201U/01 $0utf8 
203@/01 $0753676818 
208@/01 $a29-09-15 $bgUB 
209A/01 $a000 MG 82086 S827 $de $f000 $x00 
209G/01 $a61876995 $x00 
245S/01 $a21000 $x01 
247C/01 $8631000-x <26>Gießen, Universität Gießen, Universitätsbibliothek Gießen $9102596697 
247E/01 $an
LEADER 00000cam a2200000 c 4500
001 357034562
003 DE-603
005 20250510180036.0
007 tu
008 150319s2015 xx |||| | u00||u|eng
015 |a 15,A12  |z 15,N01  |2 dnb 
016 7 |2 DE-101  |a 1063963516 
020 |a 9783034316262  |c Pp. : EUR 71.60 (DE, freier Pr.), EUR 73.60 (AT, freier Pr.), sfr 81.00 (freier Pr.) 
020 |a 3034316267 
024 3 |a 9783034316262 
028 5 2 |a 431626 
035 |a (DE-599)DNB1063963516 
035 |a (OCoLC)905529687 
040 |a DE-603  |b ger  |c DE-603  |d DE-603 
041 |a eng 
082 0 4 |8 1\u  |a 947.7086  |q DE-101  |2 22/ger 
083 0 |8 2\u  |a 900.94770905  |q DE-101  |2 23/BSB 
083 0 |8 3\u  |a 909  |q DE-101  |2 23/BSB 
083 0 |8 4\u  |a 306.0947709049  |q DE-101  |2 23/BSB 
084 |a 940  |a 320  |q DE-101  |2 sdnb 
084 |a MG 82086  |0 (DE-625)122865:12049  |0 (DE-603)41054678X  |2 rvk 
084 |a MK 5250  |0 (DE-625)123079:  |0 (DE-603)410827347  |2 rvk 
084 |a ML 7260  |0 (DE-625)123212:  |0 (DE-603)410828971  |2 rvk 
085 |8 1\u  |b 947.7 
085 |8 2\u  |b 900 
085 |8 2\u  |z 1  |s 0905 
085 |8 2\u  |z 2  |s 477 
085 |8 3\u  |b 909 
085 |8 3\u  |z 2  |s 477 
085 |8 4\u  |b 306.09 
085 |8 4\u  |z 1  |s 09049 
085 |8 4\u  |z 2  |s 477 
090 |a b 
245 0 0 |a Ukraine after the Euromaidan  |b challenges and hopes  |c Viktor Stepanenko & Yaroslav Pylynskyi (ed.) 
264 1 |a Bern  |b Lang  |c 2015 
300 |a 271 Seiten  |b Illustrationen  |c 23 cm 
336 |a Text  |b txt  |2 rdacontent 
337 |a ohne Hilfsmittel zu benutzen  |b n  |2 rdamedia 
338 |a Band  |b nc  |2 rdacarrier 
490 1 |a Interdisciplinary studies on Central and Eastern Europe  |v Vol. 13 
500 |a Literaturangaben 
650 7 |a Orange Revolution  |0 (DE-588)7514667-8  |0 (DE-603)135560691  |2 gnd 
655 7 |a Aufsatzsammlung  |2 gnd-content  |0 (DE-588)4143413-4  |0 (DE-603)085562742 
700 1 |a Stepanenko, Viktor Petrovyč  |e Herausgeber  |4 edt  |0 (DE-603)153462604  |0 (DE-588)122253744  |2 gnd 
700 1 |a Pylynskyi, Yaroslav  |e Herausgeber  |4 edt  |0 (DE-603)356885119 
830 0 |t Interdisciplinary studies on Central and Eastern Europe  |v 13  |w (DE-603)186456085  |w (DE-600)2196070-7  |9 213  |7 as 
856 4 2 |m X:MVB  |q application/pdf  |u http://www.peterlang.com/exportdatas/exportfiles/onix/intro/9783034316262_leseprobe01.pdf  |3 Einführung/Vorwort 
856 4 2 |m X:MVB  |q text/html  |u http://deposit.dnb.de/cgi-bin/dokserv?id=5113362&prov=M&dok_var=1&dok_ext=htm  |3 Inhaltstext 
856 4 2 |m V:DE-603;B:DE-Mb50  |q application/pdf  |u http://scans.hebis.de/HEBCGI/show.pl?35703456_toc.pdf  |3 Inhaltsverzeichnis 
924 0 |9 17/134  |a (DE-603)755714857  |b DE-17-134  |c HES  |d d  |g EDZ/MG 82086 S827 
924 0 |9 Mb 50  |a (DE-603)752197290  |b DE-Mb50  |c HES  |d c  |g 15.04109 
924 0 |9 26  |a (DE-603)753676818  |b DE-26  |c HES  |d d  |g 000 MG 82086 S827